| 000 | 00836cam a22002414a 4500 | ||
|---|---|---|---|
| 001 | 12644516 | ||
| 005 | 20180130072720.0 | ||
| 008 | 020115s2002 mau b 001 0 eng | ||
| 010 | _a 2002000420 | ||
| 020 | _a1578514371 (alk. paper) | ||
| 040 |
_aDLC _cDLC _dDLC |
||
| 041 | _aeng | ||
| 042 | _apcc | ||
| 080 | _a303.34 HEI | ||
| 082 | 0 | 0 |
_a303.34 HEI _221 |
| 100 | 1 | _a54 | |
| 101 | _aLID | ||
| 245 | 1 | 0 |
_aLeadership on the line : _cRonald A. Heifetz, Marty Linsky. |
| 504 | _aIncludes bibliographical references and index. | ||
| 906 |
_a7 _bcbc _corignew _d1 _eecip _f20 _gy-gencatlg |
||
| 942 |
_2ddc _cBK |
||
| 999 |
_c41294 _d41294 |
||